00436nam a2200109Ia 4500008004100000100002300041245012700064260002600191300001800217650001200235856007900247160712s9999 xx 000 0 und d aMagbitang, Riza A. cRiza A. Magbitang,aDetermination of Cd and Pb in Fruit Juice, Bottled Tea, Condiments and Dried Fish Samples Using ICP-MS c2013bScience Diliman avol. 25 no. 1 xSCIENCE uhttp://journals.upd.edu.ph/index.php/sciencediliman/issue/view/402/showToc